000
00329nam a22001457a 4500
020
_a
978-0-600601-04-3
082
_a
641
_b
HAM
100
_a
HAMLYN
245
_a
AUGUSTE ESCOFFIEN MA CUISINE
260
_a
LONDON
_b
OCTOPUS PUBLISHER
_c
2000
300
_a
884
650
_a
HOTEL MANAGEMENT
653
_a
CUISINE
942
_2
ddc
_c
BK
999
_c
8132
_d
8132